Most Used Harry Potter Characters in Fanfiction - Statistics

General Stats
  • This quiz has been taken 624 times
  • The average score is 12 of 15
Answer Stats
Character % Correct
1 Harry Potter
100%
3 Hermione Granger
94%
4 Ron Weasley
94%
2 Draco Malfoy
92%
7 Remus Lupin
83%
6 Sirius Black
82%
5 Severus Snape
81%
8 Ginny Weasley
79%
10 Albus Dumbledore
77%
9 James Potter
75%
14 Fred Weasley
74%
13 George Weasley
73%
11 Luna Lovegood
63%
12 Neville Longbottom
63%
15 Albus Severus Potter
24%
No matching quizzes found
Score Distribution
Percent of People with Each Score
Percentile by Number Answered
Your Score History
You have not taken this quiz